Nothing Else Matters - Little Mix - All Lyrics - Statistics

General Stats
  • This quiz has been taken 17 times
  • The average score is 282 of 498
Answer Stats
Answer % Correct
matter
93%
No
93%
no,
93%
No,
93%
(No,
93%
eh
87%
Eh, eh,
87%
eh, eh,
87%
(Hey!)
87%
(Hey!;
87%
(Hey!
87%
Hey,
87%
(Hmm)
87%
oh,
87%
Oh,
87%
oh)
87%
(Oh,
87%
(Ooh)
87%
(Ooh,
87%
ooh,
87%
ooh)
87%
Ooh,
87%
uh,
87%
uh)
87%
(Uh-huh,
87%
uh-huh)
87%
woah)
87%
and
80%
And
80%
else
80%
else)
80%
(Else
80%
I
80%
matters
80%
matters,
80%
so
80%
So
80%
no-no-nothing
73%
not
73%
nothing
73%
Nothing
73%
(Nothing
73%
we
73%
We
73%
my
67%
ya,
67%
ya
67%
you
67%
you,
67%
You
67%
All
60%
all
60%
all,
60%
do
60%
for
60%
in
60%
is
60%
now
60%
now,
60%
on
60%
that
60%
the
60%
to
60%
we're
60%
where
60%
Yeah,
60%
yeah,
60%
(Yeah,
60%
yeah)
60%
yeah
60%
be
53%
care
53%
(Care
53%
'Cause
53%
far
53%
far,
53%
just
53%
know
53%
like
53%
love
53%
me
53%
me,
53%
us
53%
us)
53%
what
53%
go
47%
got
47%
I'm
47%
it
47%
it's
47%
never
47%
our
47%
When
47%
when
47%
your
47%
at
40%
babe,
40%
baby
40%
Baby,
40%
baby,
40%
come,
40%
come
40%
don't
40%
"Don't
40%
fun
40%
having
40%
myself
40%
really
40%
then
40%
about
33%
fight,
33%
gotta
33%
I'll
33%
Look
33%
much
33%
Only
33%
said
33%
things
33%
tonight
33%
too
33%
wanna
33%
want
33%
want,
33%
way,
33%
way
33%
why
33%
around?
27%
around
27%
Can't
27%
did
27%
down"
27%
down,
27%
down
27%
end
27%
enough
27%
gave
27%
give
27%
If
27%
if
27%
let
27%
Man,
27%
take
27%
there
27%
told
27%
up
27%
world
27%
back
20%
believe,
20%
birds
20%
bit
20%
deep
20%
deep,
20%
goin'
20%
high,
20%
key
20%
Little
20%
little
20%
lose
20%
low
20%
nobody
20%
right
20%
Sometimes,
20%
start
20%
will
20%
ain't
13%
bees
13%
body
13%
boys
13%
comin'
13%
coming
13%
creep
13%
deal,
13%
leaves
13%
lock,
13%
nobody's
13%
speaking
13%
still
13%
team
13%
words
13%
You've
13%
Falling
0%
No matching quizzes found
Score Distribution
Percent of People with Each Score
Percentile by Number Answered
Your Score History
You have not taken this quiz